| 000 | 00511nam a2200145Ia 4500 | ||
|---|---|---|---|
| 008 | 250103s2024 xx 000 0 und d | ||
| 020 | _a978-3-031-51667-2 | ||
| 022 | _a2692-4471 | ||
| 041 | _aeng | ||
| 100 | _aFidaa Karkori | ||
| 245 | _aShip Sanitation, Health and Hygiene | ||
| 260 |
_bSpringer Nature Switzerland _c2024 |
||
| 440 | _vSynthesis Lectures on Ocean Systems Engineering | ||
| 856 |
_uhttps://link.springer.com/openurl?genre=book&isbn=978-3-031-51667-2 _zhttps://doi.org/10.1007/978-3-031-51667-2 |
||
| 999 |
_c12752 _d12752 |
||